000 00718nam a2200289Ia 4500
005 20260324143303.0
008 008 260324s9999 xx 000 0 eng d
020 _a9781315058795
037 _aEBOOK
040 _aCRL
040 _beng
040 _cCRL
041 _2eng
041 _aeng
084 _qCRL
100 _aJohn T. Zepper; William W. Brickman
_91215093
245 0 _aRussian and Soviet Education 1731-1989
245 2 _bA Multilingual Annotated Bibliography
260 _bTaylor and Francis
260 _c1992
365 _a
365 _b55.99
856 _uhttp://www.taylorfrancis.com/books/9781315058795
942 _cEBOOK
999 _c1820284
_d1820284